| 000 | 01122nam a22001697a 4500 | ||
|---|---|---|---|
| 008 | 140624b xxu||||| |||| 00| 0 eng d | ||
| 020 | _a9781862075887 | ||
| 050 | _aHD6072.G55 | ||
| 245 |
_aGlobal woman:Nannies, maids and sex workers in the new economy. / _bNannies, Maids and sex workers in the new economy _cBarbara Ehrenreich and Arlie Russell Hochschild |
||
| 260 |
_aLondon: _bGranta books, _c2002. |
||
| 300 |
_aVi, 328p.: _c16cm |
||
| 500 | _aIncludes bibliographies | ||
| 505 | _aContents : Introduction -- Love and gold -- The Nanny Dilemma -- The Care crisis in the Philippines -- Blow ups and other unhappy endings -- Invisible labors: caring for independent person -- Maid to order -- Just another job? -- Filipina workers in Hong Kong homes: household rules and relations -- America's dirty work: migrant maids and modern - day slavery -- Selling sex for visas: Sex tourism as a stepping- stone to International migration -- Among women: Migrant domestics and their Taiwanese -- Employers Across generations. | ||
| 700 | _a Ehrenreich Barbara | ||
| 700 | _aHochschild Arlie Russell | ||
| 942 |
_2lcc _cBK |
||
| 999 |
_c3059 _d10559 |
||